Amrīkā wa-anā / (Record no. 46877)

MARC details
000 -LEADER
fixed length control field 00620cam a22002051 4500
001 - CONTROL NUMBER
control field ne 64000882
003 - CONTROL NUMBER IDENTIFIER
control field DLC
005 - DATE AND TIME OF LATEST TRANSACTION
control field 20260227111758.0
008 - FIXED-LENGTH DATA ELEMENTS--GENERAL INFORMATION
fixed length control field 860814s1963 ua ach 000 0 arar
010 ## - LIBRARY OF CONGRESS CONTROL NUMBER
LC control number ne 64000882
025 ## - OVERSEAS ACQUISITION NUMBER
Overseas acquisition number PL480:UAR-3972
035 ## - SYSTEM CONTROL NUMBER
System control number (OCoLC)23488049
040 ## - CATALOGING SOURCE
Original cataloging agency DLC
Transcribing agency MiU
Modifying agency DLC
050 00 - LIBRARY OF CONGRESS CALL NUMBER
Classification number E169
Item number .S565
100 1# - MAIN ENTRY--PERSONAL NAME
Personal name Ṣidqī, Jādhibīyah
245 10 - TITLE STATEMENT
Title Amrīkā wa-anā /
Statement of responsibility, etc. taʼlīf Jādhibīyah Ṣidqī.
260 ## - PUBLICATION, DISTRIBUTION, ETC.
Place of publication, distribution, etc. al-Qāhirah,
Name of publisher, distributor, etc. Maktabat al-Nahḍah al-Miṣrīyah,
Date of publication, distribution, etc. 1963?
300 ## - PHYSICAL DESCRIPTION
Extent 247 p.
Other physical details illus., ports., facsim.
Dimensions 24 cm.
651 #0 - SUBJECT ADDED ENTRY--GEOGRAPHIC NAME
Geographic name United States
General subdivision Description and travel.

No items available.

Powered by Koha